Guess the Harry Potter Movie by Famous Line - Statistics

General Stats
  • This quiz has been taken 111 times
  • The average score is 6 of 8
Answer Stats
Hint Answer % Correct
"It's Wingardium leviooosa, not leviosaaah!" The Philosopher's Stone
92%
"You foul, loathsome, evil little cockroach!" The Prisoner of Azkaban
81%
"I'm not wearing that, it's ghastly!" The Goblet of Fire
80%
"Why is it always me?" The Chamber of Secrets
71%
"What's with the birds?" The Half-Blood Prince
66%
"I've always wanted to use that spell!" The Deathly Hallows, Part 2
65%
"I'm holy" The Deathly Hallows, Part 1
63%
"I'm sorry professor, I must not tell lies." The Order of the Pheonix
34%
No matching quizzes found
Score Distribution
Percent of People with Each Score
Percentile by Number Answered
Your Score History
You have not taken this quiz